Tilastot visalle Arvaa kunta - Häme

Klikkaa tästä pelataksesi tätä visaa!

Yleistilastot

  • Tätä visaa on pelattu 46 kertaa
  • Keskiarvotulos 12 / 21

Vastaustilastot

HintVastaus% Oikein
Suomen ainoa F-kirjaimella
alkava kaupunki
Forssa
98%
Kanta-Hämeen suurin kaupunkiHämeenlinna
93%
Alueen suurin kaupunkiLahti
90%
Lähes kokonaan Hämeenlinnan
ympäröimä
Hattula
75%
T-lähijunien reitin päätepisteRiihimäki
73%
Sijaitsee suoraan Riihimäen
pohjoispuolella
Janakkala
68%
Kunnan keskustaajama on VääksyAsikkala
65%
Siirtyi vuonna 2021 Kymenlaakson
maakunnasta Päijät-Hämeeseen
Iitti
60%
Alueen ainoa joki-loppuinen kuntaPadasjoki
60%
Alueen ainoa järvi-loppuinen kuntaHausjärvi
58%
Valtatie 5 alkaa tästä kunnastaHeinola
53%
Kanta-Hämeen vähäväkisin kuntaHumppila
43%
Täällä sijaitsee eräs Suomen
viimeisistä museorautateistä
Jokioinen
43%
Launosten kylä sijaitsee kunnassaLoppi
43%
Hennan rautatieasema sijaitsee täälläOrimattila
43%
Hämeenkoski liitettiin tähän kuntaanHollola
40%
Järvelän rautatieasema sijaitsee täälläKärkölä
38%
Kunnan suurimmat järvet ovat
Pyhäjärvi ja Kuivajärvi
Tammela
38%
Alueen kunnista läntisinYpäjä
38%
Ruotsinkieliseltä nimeltään
Gustav Adolfs
Hartola
35%
Olavi Virran syntymäkuntaSysmä
33%

Tulosjakauma

Persentiili vastausten määrän mukaan

Jokaisen tuloksen saaneiden osuus

Tuloshistoriasi

Et ole pelannut tätä visaa